000 01162nam a2200325 i 4500
001 bg
100 0 _aKapuściński, Ryszard
_d(1932-2007).
245 0 0 _aWiersze zebrane /
_cRyszard Kapuściński.
260 _aWarszawa :
_bAgora,
_c2008.
300 _a142, [1] s. ;
_c22 cm.
490 1 _aKolekcja wybranych dzieł Ryszarda Kapuścińskiego / pod red. Bożeny Dudko i Mariusza Szczygła ;
_aBiblioteka Gazety Wyborczej
_vt. 10
490 1 _aBiblioteka Gazety Wyborczej
546 _aTekst częśc. tł. z wł.
650 9 _aPoezja polska
_y20-21 w.
700 1 _aDudko, Bożena
_d(1963- ).
_eRed.
700 1 _aSzczygieł, Mariusz
_d(1966- ).
_eRed.
800 1 _aKapuściński, Ryszard
_d(1932-2007).
_tKolekcja wybranych dzieł Ryszarda Kapuścińskiego
_v10
830 _aBiblioteka Gazety Wyborczej
020 _a9788375521207
020 _a9788375521276 (seria)
040 _cBPK
041 0 _apol
_hita
044 _aPOL
080 _a821.162.1-1
920 _a978-83-7552-120-7
920 _a978-83-7552-127-6 (seria)
942 _cKS
008 s pl f |000 0 pol
999 _c54908
_d54908
856 _uhttp://koha.tu.koszalin.pl/cgi-bin/koha/opac-detail.pl?biblionumber=54908
_yKatalog online BPK